000 01568nam a22003737a 4500
001 389
003 FISKH
005 20250821143047.0
008 230405b cb ||||| |||| 00| 0 eng d
020 _a9780545312523
040 _aUKM
_cUKM
_dNYP
_dBTCTA
_dWIQ
_dJQJ
_dIHI
_dMLY
_dUPZ
_dDLC
_dFISKH
_beng
042 _alccopycat
050 0 0 _aQL544.2
_b.M257 2010
082 0 4 _a595.7891568
_222
100 1 _aMarsh, Laura F.
245 1 0 _aButterflies /
_cLaura Marsh.
260 _aNew York :
_bNational Geographic ;
_bScholastic.
_c2010.
300 _a48 p. :
_bcol. ill., col. maps ;
_c23 cm.
490 1 _aNational geographic kids. Science readers. Level 3
500 _aIncludes index.
520 _aIntroduces the migration patterns of monarch butterfies, describing the vast distances they cover, why they migrate, and the dangers they face along the way.
521 8 _a650
_bLexile estimate
521 8 _aK
_bRaz-Plus
650 0 _aMonarch butterfly
_xMigration
_vJuvenile literature.
650 0 _aMonarch butterfly
_vJuvenile literature.
710 2 _aNational Geographic Society (U.S.)
800 1 _aMarsh, Laura F.
_tGreat migrations.
830 0 _aNational Geographic kids.
_pScience readers.
_nLevel 3.
856 4 2 _3Publisher description
_uhttp://www.loc.gov/catdir/enhancements/fy1108/2010284365-d.html
856 4 2 _3Contributor biographical information
_uhttp://www.loc.gov/catdir/enhancements/fy1212/2010284365-b.html
906 _a7
_bcbc
_ccopycat
_d2
_encip
_f20
_gy-gencatlg
942 _2ddc
_cBK
_n0
999 _c389
_d389